[Event "2017 Oceania Zone 3.6 Zonal Championshi"]
[Site "Auckland NZL"]
[Date "2017.01.17"]
[Round "6.45"]
[White "Lane, Ryan"]
[Black "Wang, Aaron Ziwen"]
[Result "0-1"]
[WhiteElo "1793"]
[BlackElo "1598"]
[PlyCount "80"]
[EventDate "2017.01.14"]

1. e4 c5 2. Nf3 d6 3. d4 cxd4 4. Nxd4 Nf6 5. Nc3 a6 6. Bc4 e6 7. Bb3 b5 8. a3
Bb7 9. Qd3 Nbd7 10. Bg5 Be7 11. Bxf6 Nc5 12. Qe3 Bxf6 13. O-O Rc8 14. Kh1 Qb6
15. Nde2 Qd8 16. Ba2 O-O 17. Rad1 Kh8 18. f4 Qe7 19. Ng3 Bxc3 20. bxc3 Na4 21.
Rd3 Nb2 22. Rd2 Rc5 23. Bb3 Rfc8 24. Ne2 Nc4 25. Bxc4 Rxc4 26. Rd4 Rxd4 27.
Nxd4 Qc7 28. Rf3 Qc5 29. f5 Qxa3 30. h3 e5 31. Nb3 d5 32. f6 dxe4 33. Rg3 g6
34. Rg4 Qd6 35. Qg3 Qxf6 36. Qe3 Rd8 37. Nd2 h5 38. Nxe4 Qf1+ 39. Kh2 hxg4 40.
Qg5 Qf4+ 0-1

[Event "2017 Oceania Zone 3.6 Zonal Championshi"]
[Site "Auckland NZL"]
[Date "2017.01.17"]
[Round "6.46"]
[White "Archer, Saffron"]
[Black "Yung, Cameron"]
[Result "0-1"]
[WhiteElo "1417"]
[BlackElo "1862"]
[PlyCount "60"]
[EventDate "2017.01.14"]

1. e4 e5 2. Nf3 Nc6 3. Nc3 Nf6 4. d4 d6 5. d5 Nb8 6. Bc4 Bg4 7. O-O Be7 8. Qe2
Qc8 9. Bb3 O-O 10. Rd1 Ne8 11. h3 Bxf3 12. Qxf3 f5 13. Ne2 f4 14. c4 Na6 15.
Bd2 Nf6 16. Bc2 Kh8 17. b4 g5 18. Bc3 Rg8 19. Kf1 g4 20. hxg4 Rxg4 21. Ke1 Qg8
22. g3 fxg3 23. Nxg3 Rf4 24. Qd3 Ng4 25. Rd2 Bh4 26. Nh1 Raf8 27. Kd1 Nxf2+ 28.
Nxf2 Qg1+ 29. Ke2 Rxf2+ 30. Ke3 R8f3# 0-1

[Event "2017 Oceania Zone 3.6 Zonal Championshi"]
[Site "Auckland NZL"]
[Date "2017.01.17"]
[Round "6.47"]
[White "Borg, Zen"]
[Black "Perrin, Kevin J"]
[Result "1-0"]
[WhiteElo "1709"]
[BlackElo "1537"]
[PlyCount "97"]
[EventDate "2017.01.14"]

1. d4 f5 2. e4 fxe4 3. Nc3 Nf6 4. Bg5 e6 5. Nxe4 Be7 6. Nxf6+ Bxf6 7. Bxf6 Qxf6
8. Nf3 O-O 9. Bd3 Nc6 10. O-O d6 11. c3 Kh8 12. Qc2 h6 13. Rae1 e5 14. dxe5
Nxe5 15. Nxe5 dxe5 16. f3 Bd7 17. Re3 Rae8 18. Rfe1 Bc6 19. Qe2 Qg5 20. Rxe5
Rxe5 21. Qxe5 Qd8 22. Bb5 Bxb5 23. Qxb5 b6 24. Qe5 c5 25. Qe7 Qb8 26. Qe4 Qc8
27. Qg6 Qd8 28. Qe4 Qc8 29. Qc2 Qc7 30. Re4 Qd8 31. Qe2 Rg8 32. Re7 a5 33. Kf2
Qd6 34. g3 Qd5 35. b3 Qd6 36. Re6 Qc7 37. Qe5 Qxe5 38. Rxe5 Rd8 39. Ke2 Rd6 40.
c4 Kh7 41. h4 Kg6 42. g4 Kf6 43. f4 Rd4 44. Ke3 Kf7 45. Rd5 g5 46. hxg5 hxg5
47. Rxd4 cxd4+ 48. Kxd4 gxf4 49. Ke4 1-0

[Event "2017 Oceania Zone 3.6 Zonal Championshi"]
[Site "Auckland NZL"]
[Date "2017.01.17"]
[Round "6.48"]
[White "Oka, Tsukasa"]
[Black "Jacobs, Hilton J"]
[Result "0-1"]
[WhiteElo "1276"]
[BlackElo "1678"]
[PlyCount "84"]
[EventDate "2017.01.14"]

1. d4 d5 2. c4 c6 3. Nc3 Nf6 4. e3 e6 5. Nf3 Nbd7 6. b3 Bb4 7. Bd2 O-O 8. Be2
Re8 9. O-O c5 10. cxd5 Bxc3 11. Bxc3 Nxd5 12. Qc2 Nxc3 13. Qxc3 cxd4 14. exd4
b6 15. Rfd1 Bb7 16. Qe3 Nf6 17. h3 Qd6 18. Qe5 Qa3 19. Nd2 Red8 20. Bf3 Bxf3
21. Nxf3 Rd5 22. Qe3 Rad8 23. Qc1 Qd6 24. Qe3 h6 25. Rd2 b5 26. Rad1 b4 27. g3
Rb5 28. Kg2 Nd5 29. Qd3 Nc3 30. Ra1 a5 31. a3 Qd5 32. Qc4 Qb7 33. a4 Rf5 34.
Qd3 g6 35. Re1 Rfd5 36. Qe3 Kg7 37. h4 Rf5 38. g4 Nd5 39. Qe4 Rf4 40. Qe5+ Kg8
41. Kg3 Re8 42. Re4 f6 0-1

[Event "2017 Oceania Zone 3.6 Zonal Championshi"]
[Site "Auckland NZL"]
[Date "2017.01.17"]
[Round "6.49"]
[White "Prasad, Rudr"]
[Black "Murdoch, Stephen"]
[Result "1-0"]
[WhiteElo "1566"]
[BlackElo "1438"]
[PlyCount "61"]
[EventDate "2017.01.14"]

1. e4 c5 2. Nf3 g6 3. Nc3 Bg7 4. Bc4 Nc6 5. d3 a6 6. O-O e6 7. Re1 b5 8. Bb3
Na5 9. Qe2 Nxb3 10. axb3 Ne7 11. Nxb5 Qb6 12. Nc3 Nc6 13. e5 O-O 14. Bg5 Bb7
15. Bf6 Bh6 16. Qe4 Nd4 17. Qh4 Nxf3+ 18. gxf3 Bg7 19. Bxg7 Kxg7 20. Ne4 Bxe4
21. Qxe4 d5 22. exd6 Qxd6 23. Qe5+ Qxe5 24. Rxe5 Rfc8 25. Ra5 h5 26. Rexc5 Rxc5
27. Rxc5 f5 28. Ra5 Kf6 29. Kg2 f4 30. b4 Rc8 31. c4 1-0

[Event "2017 Oceania Zone 3.6 Zonal Championshi"]
[Site "Auckland NZL"]
[Date "2017.01.17"]
[Round "6.50"]
[White "Fikh, Anthony"]
[Black "Dai, Oliver"]
[Result "1-0"]
[WhiteElo "1553"]
[BlackElo "1432"]
[PlyCount "81"]
[EventDate "2017.01.14"]

1. d4 Nf6 2. c4 e5 3. dxe5 Ng4 4. Nf3 Nc6 5. Bf4 Bb4+ 6. Nc3 Bxc3+ 7. bxc3 Qe7
8. e3 Ngxe5 9. Nxe5 Nxe5 10. Bxe5 Qxe5 11. Qd4 d6 12. Be2 Be6 13. O-O O-O 14.
Rab1 b6 15. Bf3 Rad8 16. Bd5 Bf5 17. Rbd1 Rfe8 18. Rfe1 Bc2 19. Rd2 Ba4 20. c5
Qxd4 21. Rxd4 Bb5 22. cxd6 Rxd6 23. f3 Kf8 24. Kf2 c5 25. Rd2 Bc4 26. Red1 Red8
27. e4 Ke7 28. Ke3 Kf6 29. Bxc4 Rxd2 30. Rxd2 Rxd2 31. Kxd2 Kg6 32. Bb5 Kg5 33.
g3 f5 34. e5 Kg6 35. e6 Kf6 36. Bd7 g6 37. Kd3 a6 38. Kc4 Ke7 39. Kd5 h5 40. a4
h4 41. gxh4 1-0

[Event "2017 Oceania Zone 3.6 Zonal Championshi"]
[Site "Auckland NZL"]
[Date "2017.01.17"]
[Round "6.51"]
[White "Mukkattu, Philip"]
[Black "Qin, Oscar Shu Xuan"]
[Result "0-1"]
[WhiteElo "1705"]
[BlackElo "1375"]
[PlyCount "46"]
[EventDate "2017.01.14"]

1. d4 d5 2. c4 c6 3. Nc3 Nf6 4. Nf3 dxc4 5. e4 b5 6. a4 b4 7. e5 bxc3 8. exf6
cxb2 9. fxg7 bxa1=Q 10. gxh8=Q Qa5+ 11. Bd2 Qxd1+ 12. Kxd1 Qxa4+ 13. Ke1 Qa1+
14. Ke2 c3 15. Bh6 Qb2+ 16. Kd3 Bf5+ 17. Kc4 Nd7 18. Ne5 Nxe5+ 19. dxe5 Kd7 20.
g4 Be6+ 21. Kd3 Bxh6 22. Qxa8 Qd2+ 23. Ke4 Qd5# 0-1

[Event "2017 Oceania Zone 3.6 Zonal Championshi"]
[Site "Auckland NZL"]
[Date "2017.01.18"]
[Round "7.1"]
[White "Gong, Patrick"]
[Black "Illingworth, Max"]
[Result "1/2-1/2"]
[WhiteElo "2303"]
[BlackElo "2481"]
[PlyCount "77"]
[EventDate "2017.01.14"]

1. e4 e5 2. Nf3 Nc6 3. Nc3 Nf6 4. d4 exd4 5. Nxd4 Bb4 6. Nxc6 bxc6 7. Bd3 d5 8.
exd5 cxd5 9. O-O O-O 10. Bg5 c6 11. Qf3 h6 12. Bxf6 Qxf6 13. Qxf6 gxf6 14. Ne2
Re8 15. Nd4 Bb7 16. Nf5 Bf8 17. Rfe1 Re5 18. Kf1 Bc8 19. Ne3 Bc5 20. c4 Be6 21.
Rac1 Bd4 22. cxd5 cxd5 23. b4 a5 24. b5 a4 25. Rc6 Rb8 26. Ra6 Bc3 27. f4 Rh5
28. f5 Rxh2 29. Re2 Bc8 30. Rd6 Bb7 31. Nxd5 Rh1+ 32. Kf2 Bd4+ 33. Kf3 h5 34.
Re4 Be5 35. Rd7 a3 36. Ne7+ Kg7 37. Nc6 Bxc6 38. bxc6 Rc8 39. Rc4 1/2-1/2

[Event "2017 Oceania Zone 3.6 Zonal Championshi"]
[Site "Auckland NZL"]
[Date "2017.01.18"]
[Round "7.2"]
[White "Smirnov, Anton"]
[Black "Ker, Anthony F"]
[Result "1-0"]
[WhiteElo "2519"]
[BlackElo "2300"]
[PlyCount "81"]
[EventDate "2017.01.14"]

1. Nf3 d6 2. d4 Bg4 3. c4 Nd7 4. Nc3 c5 5. d5 Ngf6 6. g3 g6 7. Bg2 Bg7 8. O-O
O-O 9. h3 Bxf3 10. exf3 Ne8 11. f4 Nc7 12. Qd3 Rb8 13. Re1 Re8 14. Bd2 a6 15.
a4 b6 16. Re2 Nf6 17. Rae1 Qd7 18. g4 Kf8 19. Bf3 Ng8 20. Ne4 Bxb2 21. Ng5 Kg7
22. f5 Qxa4 23. Be4 Qa3 24. Qc2 Bf6 25. Nf3 b5 26. g5 Bd4 27. Bc1 Qa4 28. Nxd4
cxd4 29. Qd2 bxc4 30. Qxd4+ f6 31. fxg6 hxg6 32. Bc2 Qd7 33. Qe4 Qf5 34. Qg2
Qxd5 35. gxf6+ Kf8 36. Qxg6 exf6 37. Bh6+ Nxh6 38. Qxh6+ Kg8 39. Bh7+ Kf7 40.
Qg6+ Kf8 41. Qxf6+ 1-0

[Event "2017 Oceania Zone 3.6 Zonal Championshi"]
[Site "Auckland NZL"]
[Date "2017.01.18"]
[Round "7.3"]
[White "Zelesco, Karl"]
[Black "Dale, Ari"]
[Result "0-1"]
[WhiteElo "2345"]
[BlackElo "2333"]
[PlyCount "54"]
[EventDate "2017.01.14"]

1. d4 Nf6 2. c4 g6 3. Nc3 Bg7 4. e4 d6 5. Be2 O-O 6. Be3 Na6 7. Qd2 e5 8. d5 c6
9. dxc6 bxc6 10. O-O-O d5 11. cxd5 cxd5 12. exd5 Qa5 13. h3 Nb4 14. Bc4 Bf5 15.
g4 Rfc8 16. Qe2 Nxa2+ 17. Kd2 Nxc3 18. bxc3 Be4 19. Nf3 Bxd5 20. Nxe5 Bxc4 21.
Nxc4 Qd5+ 22. Kc1 Qb5 23. Rd4 Nd5 24. Rhd1 Nxc3 25. Qf3 Qb1+ 26. Kd2 Qxd1+ 27.
Qxd1 Nxd1 0-1

[Event "2017 Oceania Zone 3.6 Zonal Championshi"]
[Site "Auckland NZL"]
[Date "2017.01.18"]
[Round "7.4"]
[White "Chan, Luis"]
[Black "Kulashko, Alexei"]
[Result "1/2-1/2"]
[WhiteElo "2135"]
[BlackElo "2344"]
[PlyCount "39"]
[EventDate "2017.01.14"]

1. d4 Nf6 2. c4 e6 3. Nc3 Bb4 4. e3 O-O 5. Nge2 d5 6. a3 Bd6 7. Ng3 c6 8. e4 e5
9. cxd5 Re8 10. Bg5 h6 11. Bxf6 Qxf6 12. dxe5 Bxe5 13. Qc2 Bxc3+ 14. Qxc3 Qxc3+
15. bxc3 cxd5 16. O-O-O dxe4 17. Nxe4 Nc6 18. Nd6 Re5 19. Bc4 Be6 20. f4
1/2-1/2

[Event "2017 Oceania Zone 3.6 Zonal Championshi"]
[Site "Auckland NZL"]
[Date "2017.01.18"]
[Round "7.5"]
[White "Hague, Ben"]
[Black "Garbett, Paul A"]
[Result "1/2-1/2"]
[WhiteElo "2333"]
[BlackElo "2229"]
[PlyCount "84"]
[EventDate "2017.01.14"]

1. e4 c5 2. Nf3 e6 3. d4 cxd4 4. Nxd4 Nf6 5. Nc3 d6 6. g4 h6 7. h4 Nc6 8. Rg1
h5 9. gxh5 Rxh5 10. Bg5 Rh7 11. Qd2 a6 12. O-O-O Be7 13. f4 Qb6 14. Nf3 Qc7 15.
e5 dxe5 16. fxe5 Nd5 17. Bxe7 Ncxe7 18. Ne4 Nf5 19. Bd3 Rh8 20. c4 b5 21. Nd6+
Nxd6 22. exd6 Qc5 23. Rxg7 bxc4 24. Be4 c3 25. bxc3 Rb8 26. Qd4 Qxc3+ 27. Qxc3
Nxc3 28. Re1 Kf8 29. Rg2 Nxe4 30. Rxe4 Bb7 31. Rb4 a5 32. Rb5 Rc8+ 33. Rc2
Rxc2+ 34. Kxc2 Be4+ 35. Kd2 Kg7 36. Ne5 Rd8 37. Ke3 Bd5 38. Rxa5 Rxd6 39. Ra7
Rb6 40. Rxf7+ Kh6 41. Ra7 Rb4 42. Nd3 Re4+ 1/2-1/2

[Event "2017 Oceania Zone 3.6 Zonal Championshi"]
[Site "Auckland NZL"]
[Date "2017.01.18"]
[Round "7.6"]
[White "Dive, Russell J"]
[Black "Winkelman, Albert"]
[Result "1-0"]
[WhiteElo "2304"]
[BlackElo "1860"]
[PlyCount "35"]
[EventDate "2017.01.14"]

1. Nf3 Nf6 2. c4 c5 3. g3 d5 4. Bg2 Nc6 5. O-O e5 6. cxd5 Nxd5 7. Nc3 Nb6 8. d3
Be7 9. Be3 Be6 10. Qd2 f6 11. Rfc1 Rc8 12. Ne4 Nd4 13. Bxd4 cxd4 14. Qa5 Bd5
15. Nfd2 Bc6 16. Bh3 Bd7 17. Bxd7+ Kxd7 18. Qxa7 1-0

[Event "2017 Oceania Zone 3.6 Zonal Championshi"]
[Site "Auckland NZL"]
[Date "2017.01.18"]
[Round "7.7"]
[White "Gong, Daniel Hanwen"]
[Black "Smith, Robert W"]
[Result "1/2-1/2"]
[WhiteElo "2090"]
[BlackElo "2238"]
[PlyCount "93"]
[EventDate "2017.01.14"]

1. c4 Nf6 2. Nc3 c6 3. e4 d5 4. cxd5 cxd5 5. e5 d4 6. exf6 dxc3 7. bxc3 gxf6 8.
d4 e6 9. Nf3 Rg8 10. Bb5+ Bd7 11. Bxd7+ Nxd7 12. O-O Nb6 13. c4 Qd7 14. Qe2 Qc6
15. c5 Nd5 16. Bd2 O-O-O 17. a4 Bg7 18. a5 a6 19. Rab1 Kb8 20. Rb3 Ka8 21. Rfb1
Rd7 22. h3 Rc8 23. Qd3 f5 24. Qe2 Bf6 25. Kh1 Ka7 26. R1b2 h5 27. Qf1 Qa4 28.
Qb1 Qc6 29. Bg5 Bg7 30. Kg1 Ka8 31. Be3 Bf6 32. Bd2 Ka7 33. Qc2 Ka8 34. Rb1 Ka7
35. Qb2 Ka8 36. Kh1 Ka7 37. Ne1 Ka8 38. Nc2 Bd8 39. Nb4 Nxb4 40. Bxb4 Bc7 41.
Be1 Rg8 42. f3 Bd8 43. Qe2 Rh8 44. Bc3 Rg8 45. Be1 Rh8 46. Bc3 Rg8 47. Be1
1/2-1/2

[Event "2017 Oceania Zone 3.6 Zonal Championshi"]
[Site "Auckland NZL"]
[Date "2017.01.18"]
[Round "7.8"]
[White "Lane, Gary W"]
[Black "James, Jack"]
[Result "1-0"]
[WhiteElo "2404"]
[BlackElo "2012"]
[PlyCount "55"]
[EventDate "2017.01.14"]

1. e4 e5 2. Nf3 Nf6 3. d4 Nxe4 4. Bd3 d5 5. Nxe5 Nd7 6. Nxd7 Bxd7 7. Nc3 Nxc3
8. bxc3 Be6 9. Rb1 Rb8 10. Qh5 Be7 11. O-O g6 12. Qh6 Bf8 13. Qe3 Be7 14. f4
Qd7 15. f5 gxf5 16. Qg3 b5 17. a4 a6 18. axb5 axb5 19. Qg7 Rf8 20. Qxh7 Kd8 21.
Bxf5 b4 22. Bh6 Re8 23. Bxe6 fxe6 24. Rf7 Qd6 25. Bf4 Qa6 26. Rxe7 Rxe7 27. Bg5
Qd6 28. Qg8+ 1-0

[Event "2017 Oceania Zone 3.6 Zonal Championshi"]
[Site "Auckland NZL"]
[Date "2017.01.18"]
[Round "7.9"]
[White "Kethro, Michael"]
[Black "Wastney, Scott"]
[Result "1/2-1/2"]
[WhiteElo "2091"]
[BlackElo "2350"]
[PlyCount "87"]
[EventDate "2017.01.14"]

1. d4 f5 2. g3 Nf6 3. Bg2 g6 4. c4 Bg7 5. Nf3 O-O 6. O-O d6 7. Nc3 Qe8 8. d5
Na6 9. Nd4 Nc5 10. b3 Nfe4 11. Bb2 Nxc3 12. Bxc3 Ne4 13. Bb2 c5 14. dxc6 bxc6
15. Qc2 Bd7 16. Nf3 Qf7 17. Nd2 Nxd2 18. Qxd2 Bxb2 19. Qxb2 f4 20. c5 d5 21.
Qe5 fxg3 22. fxg3 Qg7 23. Qxg7+ Kxg7 24. e4 e6 25. Bh3 Rad8 26. b4 e5 27. Rxf8
Kxf8 28. Bxd7 Rxd7 29. a4 d4 30. b5 Rb7 31. Rb1 cxb5 32. c6 Rc7 33. axb5 Ke7
34. Kf2 Kd6 35. Rc1 Rc8 36. Ke2 Rc7 37. Kd3 Rf7 38. Kc4 g5 39. Ra1 g4 40. Ra6
Rc7 41. Ra2 Rf7 42. Ra6 Rc7 43. Ra2 Rf7 44. Ra6 1/2-1/2

[Event "2017 Oceania Zone 3.6 Zonal Championshi"]
[Site "Auckland NZL"]
[Date "2017.01.18"]
[Round "7.10"]
[White "Duneas, John"]
[Black "Choong, Yita"]
[Result "0-1"]
[WhiteElo "2054"]
[BlackElo "2275"]
[PlyCount "60"]
[EventDate "2017.01.14"]

1. d4 Nf6 2. c4 e6 3. Nf3 b6 4. g3 Ba6 5. Qc2 Bb4+ 6. Bd2 Be7 7. Bg2 O-O 8. O-O
d5 9. Ne5 c6 10. e3 Nfd7 11. Nxd7 Nxd7 12. b3 Rc8 13. Rc1 c5 14. cxd5 cxd4 15.
Qb2 dxe3 16. fxe3 Rxc1+ 17. Qxc1 Ne5 18. Nc3 Bf6 19. Qa3 Qc8 20. Rd1 Nd3 21. b4
Be7 22. dxe6 fxe6 23. Be4 Bxb4 24. Qb3 Nf2 25. Qxb4 Nxd1 26. Nxd1 Rf1+ 27. Kg2
Rxd1 28. Bc3 Qc4 29. Qxc4 Bxc4 30. a4 Bd5 0-1

[Event "2017 Oceania Zone 3.6 Zonal Championshi"]
[Site "Auckland NZL"]
[Date "2017.01.18"]
[Round "7.11"]
[White "Rains, Edward"]
[Black "Ang, Alphaeus Wei Ern"]
[Result "1-0"]
[WhiteElo "2017"]
[BlackElo "2271"]
[PlyCount "143"]
[EventDate "2017.01.14"]

1. e4 d5 2. exd5 Qxd5 3. Nc3 Qd6 4. d4 Nf6 5. Nge2 c6 6. Bf4 Qd8 7. Qd2 Bf5 8.
Ng3 Bg6 9. h4 h6 10. O-O-O e6 11. Bd3 Bxd3 12. Qxd3 Be7 13. Nge4 Nd5 14. Nxd5
cxd5 15. Nc5 Bxc5 16. Qb5+ Qd7 17. Qxc5 Na6 18. Qa3 Rc8 19. Rh3 Rc4 20. Rc3
Rxc3 21. bxc3 f6 22. Kd2 Kf7 23. Rb1 Rc8 24. Qd6 Qxd6 25. Bxd6 b6 26. a4 Nb8
27. a5 Nd7 28. axb6 Nxb6 29. Kd3 Nc4 30. Rb7+ Kg8 31. Bc5 a5 32. Ra7 Rb8 33. h5
Rb1 34. Ra8+ Kh7 35. Ra7 Rh1 36. Bf8 Rxh5 37. Bxg7 Kg6 38. Bf8 f5 39. Rg7+ Kf6
40. Ra7 Rh1 41. Be7+ Kg6 42. Bd8 Rh2 43. Ke2 Rxg2 44. Kf1 Rh2 45. Kg1 Rh3 46.
Re7 Rxc3 47. Rxe6+ Kh5 48. Rf6 a4 49. Be7 Kg4 50. Rxh6 a3 51. Kg2 f4 52. f3+
Rxf3 53. Rg6+ Kh5 54. Rg5+ Kh6 55. Kxf3 a2 56. Rg1 Nd2+ 57. Kxf4 Nb1 58. Bf8+
Kh5 59. Rh1+ Kg6 60. Rh6+ Kf7 61. Ra6 Kxf8 62. Rxa2 Ke7 63. Ke5 Kd7 64. Ra7+
Kc6 65. Ra5 Nd2 66. Rc5+ Kd7 67. Kxd5 Nf1 68. Rc3 Nh2 69. Rg3 Nf1 70. Rg7+ Kd8
71. Kd6 Ne3 72. Rg8# 1-0

[Event "2017 Oceania Zone 3.6 Zonal Championshi"]
[Site "Auckland NZL"]
[Date "2017.01.18"]
[Round "7.12"]
[White "Kempen, Leon"]
[Black "Hu, Jason"]
[Result "0-1"]
[WhiteElo "1887"]
[BlackElo "2181"]
[PlyCount "62"]
[EventDate "2017.01.14"]

1. d4 d5 2. c4 c6 3. Nc3 Nf6 4. e3 e6 5. Nf3 Nbd7 6. b3 Bb4 7. Bd2 O-O 8. Qc2
Re8 9. Be2 Qe7 10. O-O dxc4 11. Bxc4 e5 12. a3 Bd6 13. Ng5 Rf8 14. d5 h6 15. h4
hxg5 16. dxc6 bxc6 17. hxg5 Nh7 18. g6 Ng5 19. Ne4 Nxe4 20. Qxe4 Nc5 21. Bxf7+
Rxf7 22. gxf7+ Kxf7 23. Qc2 Be6 24. b4 Nb3 25. Rad1 Rh8 26. f4 exf4 27. exf4
Nxd2 28. Rxd2 Bc7 29. g4 Bb6+ 30. Kg2 Qh4 31. Qd3 Bd5+ 0-1

[Event "2017 Oceania Zone 3.6 Zonal Championshi"]
[Site "Auckland NZL"]
[Date "2017.01.18"]
[Round "7.13"]
[White "Polishchuk, Kirill"]
[Black "Soo-Burrowes, Eliot W"]
[Result "1/2-1/2"]
[WhiteElo "2175"]
[BlackElo "2040"]
[PlyCount "32"]
[EventDate "2017.01.14"]

1. e4 e5 2. f4 exf4 3. Bc4 Ne7 4. Nc3 c6 5. d4 Ng6 6. Qf3 d5 7. exd5 Bd6 8.
Nge2 O-O 9. Bd2 a5 10. dxc6 Nxc6 11. O-O-O Be6 12. Bb5 Qc8 13. h3 Qc7 14. Rhf1
Nb4 15. Bxf4 Nxf4 16. Nxf4 Bxa2 1/2-1/2

[Event "2017 Oceania Zone 3.6 Zonal Championshi"]
[Site "Auckland NZL"]
[Date "2017.01.18"]
[Round "7.15"]
[White "Zhang, Leo"]
[Black "Louie, Ryan"]
[Result "0-1"]
[WhiteElo "2099"]
[BlackElo "1972"]
[PlyCount "60"]
[EventDate "2017.01.14"]

1. d4 Nf6 2. c4 g6 3. Nc3 d5 4. Nf3 Bg7 5. Qb3 dxc4 6. Qxc4 O-O 7. e4 a6 8. Be2
b5 9. Qb3 Bb7 10. e5 Ne4 11. Be3 Nxc3 12. Qxc3 Nd7 13. O-O Nb6 14. Rac1 Rc8 15.
Qd2 Qd7 16. Rfd1 Rfd8 17. Bh6 Bxf3 18. gxf3 Bxh6 19. Qxh6 Qe6 20. b3 Nd5 21.
Qh4 c5 22. Rxc5 Nc3 23. Rxc8 Rxc8 24. Rd2 Qf5 25. Qg4 Nxe2+ 26. Rxe2 Rc1+ 27.
Kg2 Qb1 28. Kh3 Rg1 29. Qc8+ Kg7 30. Rc2 g5 0-1

[Event "2017 Oceania Zone 3.6 Zonal Championshi"]
[Site "Auckland NZL"]
[Date "2017.01.18"]
[Round "7.16"]
[White "Croad, Nicholas"]
[Black "Bennett, Hilton P"]
[Result "1-0"]
[WhiteElo "2278"]
[BlackElo "1955"]
[PlyCount "57"]
[EventDate "2017.01.14"]

1. d4 d6 2. c4 g6 3. e4 Bg7 4. h3 Nf6 5. Nc3 O-O 6. Nf3 e5 7. d5 Na6 8. Bg5 h6
9. Be3 Qe8 10. Be2 Nh5 11. g3 f5 12. exf5 gxf5 13. Nh4 Nf6 14. Qc2 Nh5 15. Qd1
Nf6 16. Qd2 Kh7 17. O-O-O Nc5 18. Qc2 Nfe4 19. Nxe4 Nxe4 20. g4 Kg8 21. Nxf5
Bxf5 22. gxf5 Nf6 23. Rhg1 Kh7 24. Rg6 Rg8 25. Rdg1 Qd7 26. Bd3 Rae8 27. Be4
Ref8 28. f3 Nh5 29. f6 1-0

[Event "2017 Oceania Zone 3.6 Zonal Championshi"]
[Site "Auckland NZL"]
[Date "2017.01.18"]
[Round "7.17"]
[White "McLaren, Leonard J"]
[Black "Yu, Bobby"]
[Result "1-0"]
[WhiteElo "2254"]
[BlackElo "1955"]
[PlyCount "67"]
[EventDate "2017.01.14"]

1. e4 e6 2. d4 d5 3. Nc3 Bb4 4. Nge2 Nc6 5. a3 Bxc3+ 6. Nxc3 dxe4 7. Bb5 Nge7
8. Bg5 f6 9. Be3 O-O 10. Qd2 a6 11. Bxc6 Nxc6 12. O-O-O b5 13. Nxe4 b4 14. axb4
Qd5 15. Nc5 Rb8 16. c3 a5 17. b3 axb4 18. c4 Qd6 19. Kb2 Rd8 20. g4 e5 21. d5
Bxg4 22. dxc6 Bxd1 23. Rxd1 Qe7 24. Nd7 Ra8 25. Qd5+ Kh8 26. Bc5 Qe8 27. Bxb4
Qh5 28. Be7 Rg8 29. Nxf6 gxf6 30. Bxf6+ Rg7 31. Qd8+ Qe8 32. Qxe8+ Rxe8 33. Rd7
Reg8 34. Rxc7 1-0

[Event "2017 Oceania Zone 3.6 Zonal Championshi"]
[Site "Auckland NZL"]
[Date "2017.01.18"]
[Round "7.18"]
[White "Nakauchi, Gene"]
[Black "Fan, Allen Chi Zhou"]
[Result "1-0"]
[WhiteElo "2238"]
[BlackElo "1952"]
[PlyCount "55"]
[EventDate "2017.01.14"]

1. d4 Nf6 2. c4 g6 3. g3 c5 4. d5 Bg7 5. Bg2 d6 6. Nc3 O-O 7. Nf3 e5 8. dxe6
fxe6 9. Ng5 Nc6 10. O-O Qe7 11. Nge4 Nxe4 12. Nxe4 Nd4 13. Bg5 Qc7 14. e3 Nf5
15. g4 h6 16. gxf5 gxf5 17. Bxh6 Bxh6 18. Qxd6 Qg7 19. Nxc5 f4 20. Kh1 Kh8 21.
Be4 Bg5 22. Rg1 Rf7 23. exf4 Rxf4 24. Rg3 Qh6 25. Rag1 Qh4 26. Rxg5 Rxe4 27.
Qf8+ Kh7 28. Qg7# 1-0

[Event "2017 Oceania Zone 3.6 Zonal Championshi"]
[Site "Auckland NZL"]
[Date "2017.01.18"]
[Round "7.19"]
[White "Chew Lee, Max"]
[Black "Willathgamuwa, Kevin"]
[Result "1-0"]
[WhiteElo "2204"]
[BlackElo "1966"]
[PlyCount "95"]
[EventDate "2017.01.14"]

1. e4 c5 2. d3 Nc6 3. g3 d5 4. Nd2 Nf6 5. Bg2 g6 6. f4 Bg7 7. Ngf3 dxe4 8. dxe4
O-O 9. O-O b6 10. c3 Ba6 11. Re1 e5 12. Qa4 Qc8 13. Nxe5 Nxe5 14. fxe5 Ne8 15.
Nf3 Nc7 16. Bf4 Bb5 17. Qc2 Ne6 18. Bh3 Qa6 19. a4 Bc6 20. b4 cxb4 21. cxb4 Qb7
22. Bxe6 fxe6 23. b5 Bd7 24. Rad1 a6 25. Qd3 Be8 26. Qb3 Bf7 27. Rd6 axb5 28.
a5 h6 29. h4 Rfd8 30. Qd3 Qc7 31. Rd1 Rdc8 32. Be3 Rcb8 33. Rd7 Qc8 34. Rc1 Qf8
35. Rcc7 Rd8 36. Bxb6 Rxd7 37. Qxd7 Rd8 38. Qc6 Qa3 39. Kg2 Rd3 40. Ra7 Qb2+
41. Bf2 Qe2 42. Ng1 Rxg3+ 43. Kxg3 Bxe5+ 44. Kg2 Bd4 45. Qc8+ Kg7 46. Rxf7+
Kxf7 47. Qd7+ Kg8 48. Qxd4 1-0

[Event "2017 Oceania Zone 3.6 Zonal Championshi"]
[Site "Auckland NZL"]
[Date "2017.01.18"]
[Round "7.20"]
[White "Wheeler, Bruce"]
[Black "Lim, Benjamin U"]
[Result "0-1"]
[WhiteElo "2120"]
[BlackElo "1920"]
[PlyCount "82"]
[EventDate "2017.01.14"]

1. e4 e5 2. Nf3 Nc6 3. Bb5 Nf6 4. O-O Nxe4 5. d4 Nd6 6. Bxc6 dxc6 7. dxe5 Nf5
8. Qxd8+ Kxd8 9. Nc3 h6 10. Ne4 Be7 11. h3 Be6 12. g4 Nh4 13. Nxh4 Bxh4 14. Nc5
Bc8 15. Rd1+ Ke8 16. f4 b6 17. Ne4 Bd7 18. c4 h5 19. f5 hxg4 20. hxg4 Rd8 21.
Bf4 Bc8 22. Rxd8+ Bxd8 23. Kg2 g6 24. fxg6 fxg6 25. Kg3 Rh4 26. Nf2 g5 27. Be3
Kf7 28. Kf3 Ke6 29. Re1 c5 30. Bc1 Bb7+ 31. Kg3 Rh8 32. Nh3 Rg8 33. b3 Be7 34.
a4 c6 35. Rf1 Kxe5 36. Rf5+ Kd4 37. Bxg5 Bd6+ 38. Bf4 Bc8 39. Rg5 Rxg5 40. Nxg5
Bxf4+ 41. Kxf4 Bxg4 0-1

[Event "2017 Oceania Zone 3.6 Zonal Championshi"]
[Site "Auckland NZL"]
[Date "2017.01.18"]
[Round "7.21"]
[White "Mallari, Donato"]
[Black "Willathgamuwa, Rowan"]
[Result "1-0"]
[WhiteElo "2036"]
[BlackElo "1806"]
[PlyCount "73"]
[EventDate "2017.01.14"]

1. e4 Nf6 2. d3 d6 3. f4 g6 4. Nf3 Bg7 5. Nc3 c5 6. g3 Nc6 7. Bg2 Bg4 8. h3
Bxf3 9. Bxf3 a6 10. g4 Rb8 11. a3 Nd7 12. h4 Nd4 13. Bg2 h5 14. g5 e6 15. Nb1
f6 16. c3 Nc6 17. Nd2 fxg5 18. hxg5 e5 19. Nc4 b5 20. Nxd6+ Ke7 21. Nf5+ gxf5
22. exf5 Kd6 23. Qf3 e4 24. dxe4 Kc7 25. e5 Rb6 26. f6 Bf8 27. O-O h4 28. Rd1
Qe8 29. Bh3 Ndxe5 30. fxe5 Nxe5 31. Bf4 Bd6 32. Qd5 Nc4 33. Qxc5+ Kb7 34. Bg2+
Ka7 35. Rxd6 Nxd6 36. Bxd6 Rh7 37. Bc7 1-0

[Event "2017 Oceania Zone 3.6 Zonal Championshi"]
[Site "Auckland NZL"]
[Date "2017.01.18"]
[Round "7.22"]
[White "Perera, Pasan"]
[Black "Korenevski, Oleg"]
[Result "1-0"]
[WhiteElo "2004"]
[BlackElo "1782"]
[PlyCount "39"]
[EventDate "2017.01.14"]

1. e4 e5 2. Nf3 Nc6 3. c3 d5 4. Qa4 Qd6 5. Bb5 Bd7 6. O-O f6 7. Re1 d4 8. Na3
a6 9. Bc4 Nge7 10. Nb5 Qc5 11. Nxc7+ Kd8 12. Nxa8 Qa7 13. cxd4 Nxd4 14. Qa5+ b6
15. Nxb6 Nec6 16. Qxa6 Nc2 17. Qxa7 Nxa7 18. Nxd7 Kxd7 19. Rb1 Nxe1 20. Nxe1
1-0